| 000 | 00619nam a2200229 a 4500 | ||
|---|---|---|---|
| 999 |
_c5496 _d5496 |
||
| 001 | 5496 | ||
| 003 | BD-JhCC | ||
| 005 | 20180325131856.0 | ||
| 008 | 171217s1958 e a|||| ||a| 000 0 eng d | ||
| 035 | _a(BD-JhCC) 5496 | ||
| 040 |
_aBD-JhCC _dBD-JhCC |
||
| 041 | _aeng | ||
| 082 |
_a745.5 _bCAR 1958 |
||
| 100 | _aCarver, C | ||
| 245 |
_aMeasuring and making book 2 : _ba handwork book for all subjects / _cC Carver and C.H. Stowsser |
||
| 260 |
_aLondon : _bOXFORD UNIVERSITY PRESS , _c1958 |
||
| 300 |
_a64 p .: _c24 cm . |
||
| 650 | _aMessuring | ||
| 700 | _aC.H. Stowsser | ||
| 942 |
_2ddc _cBK |
||